000 01188nam0a2200301 4500
001 RU\NLR\BIBL_A\022309181
005 20260628194733.0
035 _a(NLR Aleph) 022309181
090 _a13741017
_c13741017
100 _a20240828d1958 m y0rusy50 ca
101 0 _alit
102 _aLT
105 _ay z 000yy
181 0 _ai
_baxxe
182 0 _an
200 1 _aDešimt klausimų apie ateroskleroze
_fmed. m. kand. Krikštopaitis
_gLietuvos TSR Sveikatos apsaugos ministerijos Respulikiniai sanitarinio švietimo namai
203 _aТекст
_bвизуальный
_cнепосредственный
210 _aVilnius
_cRespublikiniai sanitarinio švietimo namai
_d1958
215 _a13,[1] p.
_d14
541 1 _6z01790
_aДесять вопросов об атерослерозе
_zrus
606 1 _aАтеросклероз
_9923247
_3RU\NLR\AUTH\6619948
686 1 _aР410.210.4
700 1 _aKrikštopaitis
_bM.
_f1914-2003
_gMarijonas
_4070
790 1 _6z01541
_aКрикштопайтис
_bМ. Й.
_f1914-2003
_gМарийонас Йонович
_4070
852 _aNLR
_bОНЛ
_jЛитов./1-614
942 _cBOOK
980 _aNB